000 00680nam a2200217 i 4500
001 127310
003 ES-MaACL
005 20250808010926.0
007 t|
008 070214s1922 fr r ||||1| fre d
100 1 _aRichard, P. J.
_996912
245 1 0 _aThéorie mathématique des assurances /
_cpar P. J. Richard et E. Petit.
250 _a2e éd. entièrement remaniée, et mise a jour
_bpar P. J. Richard.
260 _aParis :
_bGaston Doin,
_c1922.
300 _a2 v. :
_bil. ;
_c18 cm.
650 4 _aProbabilidades.
_916411
650 0 7 _aSeguros de vida
_2embne
_917028
700 1 _aPetit, Emile.
_991502
852 _aES-MaACL
_jD-4362-3
999 _c127310
_d127310